Equines by picture - Statistics

General Stats
  • This quiz has been taken 23 times
  • The average score is 2 of 7
Answer Stats
Picture Answer % Correct
African wild ass
95%
Wild horse
74%
Imperial zebra
21%
Mountain zebra
21%
Plains zebra
16%
Onager
11%
Kiang
5%
No matching quizzes found
Score Distribution
Percent of People with Each Score
Percentile by Number Answered
Your Score History
You have not taken this quiz